| 000 | 00436nam a22001697a 4500 | ||
|---|---|---|---|
| 003 | NUST - PNEC | ||
| 005 | 20170116180838.0 | ||
| 008 | 150812b xxu||||| |||| 00| 0 eng d | ||
| 020 | _a048664670X | ||
| 040 | _cLIBRARY | ||
| 082 | _a517.8 DET | ||
| 100 |
_95162 _aDettman, john W. |
||
| 245 |
_aApplied complex variables _cJohn W. Dettman |
||
| 260 | _cc.1965 | ||
| 650 |
_95163 _aFunction of complex variable _xME |
||
| 942 |
_2ddc _cBK |
||
| 999 |
_c64307 _d64307 |
||